00355nam a2200109Ia 4500008004100000082000800041100001700049245006300066942000600129952009500135999001500230240331s9999 xx 000 0 und d bMAN aManoharan, K 0aSaathiyum samuga amaippum thamil thesiya Inaprachchanaiyum cL 001040708LaWERCLbWERCLcSSCd2024-03-31l0o 305 MANp3651r2024-03-31w2024-03-31yL c1522d1522